[Event "Hillerod Skov Memorial (Women)"]
[Site "Hillerod"]
[Date "2025.02.15"]
[Round "9"]
[White "Karacsonyi, Kata"]
[Black "Badenhorst, Chloe"]
[Result "1-0"]
[WhiteElo "2191"]
[BlackElo "2004"]
[PlyCount "45"]
[EventDate "2025.02.08"]
[EventType "tourn"]
[EventRounds "9"]
[EventCountry "DEN"]
[SourceTitle "CB08_2025"]
[SourceDate "2025.02.19"]
[SourceVersion "1"]
[SourceVersionDate "2025.02.19"]
[SourceQuality "1"]

1. e4 c6 2. Nf3 d5 3. Nc3 Bg4 4. Be2 e6 5. 0-0 Nf6 6. e5 Nfd7 7. d4 Be7 8. Bf4 c5 9. Nb5 Nc6 10. c4 Nb6 11. dxc5 Bxc5 12. Bg5 Qd7 13. cxd5 Nxd5 14. Rc1 Be7 15. Bxe7 Qxe7 16. Nd6+ Kf8 17. Qa4 Bxf3 18. Bxf3 Nxe5 19. Bxd5 exd5 20. Nc8 Qd7 21. Qa3+ Ke8 22. Nb6 Qf5 23. Nxa8 1-0

[Event "Hillerod Skov Memorial (Women)"]
[Site "Hillerod"]
[Date "2025.02.14"]
[Round "8"]
[White "Badenhorst, Chloe"]
[Black "Doluhanova, Evgeniya"]
[Result "1/2-1/2"]
[WhiteElo "2004"]
[BlackElo "2272"]
[PlyCount "115"]
[EventDate "2025.02.08"]
[EventType "tourn"]
[EventRounds "9"]
[EventCountry "DEN"]
[SourceTitle "CB08_2025"]
[SourceDate "2025.02.19"]
[SourceVersion "1"]
[SourceVersionDate "2025.02.19"]
[SourceQuality "1"]

1. d4 Nf6 2. Nf3 e6 3. Bf4 b6 4. e3 Bb7 5. Nbd2 d6 6. h3 Nbd7 7. Bd3 Qe7 8. e4 e5 9. dxe5 Nxe5 10. Nxe5 dxe5 11. Bh2 g6 12. 0-0 Bg7 13. Qe2 0-0 14. c3 Rad8 15. Rad1 Nh5 16. Bc4 Nf4 17. Qf3 Qc5 18. b4 Qe7 19. Rfe1 Qg5 20. Bxf4 exf4 21. Nb1 a5 22. bxa5 bxa5 23. Bd5 c6 24. Bb3 Qe5 25. Qe2 Qc5 26. Rxd8 Rxd8 27. Rd1 Rxd1+ 28. Qxd1 Qe7 29. Qd3 Be5 30. Nd2 Bc8 31. Nf3 Bc7 32. Qc4 Bd7 33. e5 c5 34. Qxf4 Kg7 35. Ng5 Be8 36. Qh4 Qxe5 37. Qxh7+ Kf6 38. Nf3 Qf4 39. Qh8+ Ke7 40. Qh4+ Qxh4 41. Nxh4 Be5 42. c4 Bc6 43. g3 Bf6 44. Ng2 a4 45. Bc2 Bxg2 46. Kxg2 a3 47. f4 Bd4 48. g4 Kf6 49. h4 Bc3 50. Kf2 Kg7 51. Be4 f6 52. h5 gxh5 53. gxh5 Kh6 54. Bg6 Bd2 55. Kf3 f5 56. Bxf5 Kxh5 57. Ke4 Kh6 58. Bd7 1/2-1/2

[Event "Hillerod Skov Memorial (Women)"]
[Site "Hillerod"]
[Date "2025.02.11"]
[Round "5"]
[White "Rakhmangulova, Anastasiya"]
[Black "Badenhorst, Chloe"]
[Result "1-0"]
[WhiteElo "2324"]
[BlackElo "2004"]
[PlyCount "109"]
[EventDate "2025.02.08"]
[EventType "tourn"]
[EventRounds "9"]
[EventCountry "DEN"]
[SourceTitle "CB08_2025"]
[SourceDate "2025.02.19"]
[SourceVersion "1"]
[SourceVersionDate "2025.02.19"]
[SourceQuality "1"]

1. e4 c6 2. d4 d5 3. e5 Bf5 4. h4 h5 5. Bd3 Bxd3 6. Qxd3 e6 7. Bg5 Be7 8. Nf3 Nh6 9. a4 Nf5 10. Bxe7 Qxe7 11. a5 0-0 12. Qa3 Na6 13. Qxe7 Nxe7 14. c3 c5 15. Na3 cxd4 16. cxd4 Nb4 17. Kd2 a6 18. Rhc1 Rac8 19. Rc3 Nf5 20. Rb3 Nc6 21. Nc2 Rc7 22. Ra4 Rfc8 23. Rc3 Na7 24. Rxc7 Rxc7 25. Na1 Nb5 26. Nb3 Kf8 27. Kd3 Ke7 28. g3 Nh6 29. Nfd2 f6 30. Ra1 Ng4 31. f3 Nh6 32. Re1 Nf5 33. g4 hxg4 34. fxg4 Nxh4 35. Nc5 f5 36. b4 fxg4 37. Rg1 Nf5 38. Rxg4 Na7 39. Nf3 Nc6 40. Kc3 Nd8 41. b5 axb5 42. Kb4 Kf8 43. Kxb5 Ne3 44. Rg1 Nc4 45. Ng5 Re7 46. Ra1 Kg8 47. a6 bxa6+ 48. Rxa6 Ne3 49. Ra8 Re8 50. Ncxe6 Nf5 51. Nxd8 Nxd4+ 52. Kc5 Nb3+ 53. Kxd5 g6 54. Ne4 Rf8 55. Nf6+ 1-0

[Event "Sant Boi de Llobregat op 5th"]
[Site "Sant Boi de Llobregat"]
[Date "2024.12.02"]
[Round "4"]
[White "Badenhorst, Chloe"]
[Black "Liu, Yi"]
[Result "0-1"]
[WhiteElo "1970"]
[BlackElo "2261"]
[PlyCount "80"]
[EventDate "2024.11.29"]
[EventType "swiss"]
[EventRounds "10"]
[EventCountry "ESP"]
[SourceTitle "CB50_2024"]
[SourceDate "2024.11.01"]
[SourceVersion "1"]
[SourceVersionDate "2024.11.01"]
[SourceQuality "2"]

1. e4 e6 2. d4 d5 3. Nc3 Nf6 4. e5 Nfd7 5. f4 c5 6. Nf3 Nc6 7. Be3 Qb6 8. Na4 Qa5+ 9. c3 b6 10. Bd2 c4 11. b4 Nxb4 12. cxb4 Bxb4 13. Qc2 Bxd2+ 14. Nxd2 b5 15. Nc3 0-0 16. Be2 b4 17. Nd1 Nb8 18. 0-0 Nc6 19. Nf3 Qb6 20. Qd2 a5 21. Nf2 Bd7 22. Rfd1 Rfc8 23. Ng4 Ne7 24. Ne3 a4 25. Rdc1 Rab8 26. Rab1 Qa5 27. Bd1 Nc6 28. Qf2 b3 29. axb3 axb3 30. Ng4 Qd8 31. Qg3 Kh8 32. Ng5 Qf8 33. Qh4 h6 34. Rc3 Be8 35. Rh3 Nxd4 36. Nf3 Nf5 37. Qe1 d4 38. Ng5 Qb4 39. Qf2 d3 40. Kh1 c3 0-1

[Event "Sant Boi de Llobregat op 5th"]
[Site "Sant Boi de Llobregat"]
[Date "2024.12.01"]
[Round "3"]
[White "Garcia Castany Musellas, Gal La"]
[Black "Badenhorst, Chloe"]
[Result "1/2-1/2"]
[WhiteElo "2194"]
[BlackElo "1970"]
[PlyCount "191"]
[EventDate "2024.11.29"]
[EventType "swiss"]
[EventRounds "10"]
[EventCountry "ESP"]
[SourceTitle "CB50_2024"]
[SourceDate "2024.11.01"]
[SourceVersion "1"]
[SourceVersionDate "2024.11.01"]
[SourceQuality "2"]

1. e4 c6 2. d4 d5 3. e5 c5 4. dxc5 e6 5. c3 Nd7 6. Nf3 Bxc5 7. Nbd2 a6 8. Nb3 Ba7 9. Bd3 Ne7 10. 0-0 f6 11. Bf4 0-0 12. Qe2 Nc6 13. exf6 Nxf6 14. Nbd4 Re8 15. Be5 Nxe5 16. Nxe5 Qd6 17. f4 Bd7 18. Kh1 Re7 19. Rf3 Bxd4 20. cxd4 Bb5 21. Bxb5 axb5 22. Qxb5 Ne4 23. Rc1 Rc7 24. Rxc7 Qxc7 25. Rf1 Nd6 26. Qb3 Ne4 27. Qe3 Qc2 28. Nd3 Qc4 29. a3 Rf8 30. Kg1 Qb3 31. Rc1 Kh8 32. g3 Nd6 33. Rc3 Qd1+ 34. Qe1 Qg4 35. Qc1 Qe2 36. Nf2 Qb5 37. b3 h6 38. Qe3 Re8 39. g4 Qa5 40. a4 Qb4 41. Rc7 Qb6 42. Qc3 Qa6 43. Qc5 Rd8 44. Qc2 Qa5 45. Nd3 b5 46. b4 Qxa4 47. Qxa4 bxa4 48. Ra7 Nb5 49. Rxa4 Nxd4 50. Kf2 Rc8 51. Nc5 Rb8 52. Nd3 Rc8 53. Ke3 Nc2+ 54. Kd2 Nd4 55. Ne5 Kg8 56. Kd3 Nb5 57. Ra5 Rb8 58. Nd7 Rb7 59. Nc5 Rb6 60. Nxe6 Rxe6 61. Rxb5 Re4 62. g5 hxg5 63. fxg5 Rg4 64. Rb7 Rxg5 65. b5 Rg4 66. b6 Rb4 67. Kc3 Rb1 68. Kd4 Rb5 69. Ke5 Rb2 70. h4 Rb4 71. h5 Rb5 72. Kf5 Kh7 73. Ke5 Kh6 74. Kd6 d4 75. Kc6 Rb3 76. Rd7 d3 77. b7 Rc3+ 78. Kb6 Rb3+ 79. Kc7 Rc3+ 80. Kd8 Rb3 81. Kc8 Rc3+ 82. Kb8 Rb3 83. Rd5 Rc3 84. Ka7 Ra3+ 85. Kb6 Rb3+ 86. Kc7 Rc3+ 87. Kd6 Rb3 88. Kc6 Rc3+ 89. Kb6 Rb3+ 90. Ka7 Ra3+ 91. Kb8 Rb3 92. Rd7 Kxh5 93. Rxg7 d2 94. Rd7 Rb2 95. Kc8 Rc2+ 96. Kd8 1/2-1/2

[Event "Olympiad Women-45"]
[Site "Budapest"]
[Date "2024.09.19"]
[Round "8.2"]
[White "Manova, Ivana"]
[Black "Badenhorst, Chloe"]
[Result "1/2-1/2"]
[WhiteElo "2032"]
[BlackElo "1981"]
[PlyCount "100"]
[EventDate "2024.09.11"]
[EventType "team-swiss"]
[EventRounds "11"]
[EventCountry "HUN"]
[SourceTitle "EXT 2025"]
[Source "ChessBase"]
[SourceDate "2024.10.14"]
[SourceVersion "1"]
[SourceVersionDate "2024.10.14"]
[SourceQuality "1"]
[WhiteTeam "North Macedonia (W)"]
[BlackTeam "South Africa (W)"]
[WhiteTeamCountry "MKD"]
[BlackTeamCountry "RSA"]

1. e4 c6 2. Nc3 d5 3. Nf3 Bg4 4. h3 Bxf3 5. Qxf3 Nf6 6. d3 e6 7. g3 Be7 8. Bg2 Nbd7 9. 0-0 0-0 10. Qe2 dxe4 11. dxe4 e5 12. Be3 Qc7 13. a4 a5 14. Rad1 Rad8 15. Qc4 b6 16. Nd5 Nxd5 17. exd5 c5 18. Rd2 Bd6 19. f4 exf4 20. Bxf4 Ne5 21. Qb5 Ng6 22. Bxd6 Qxd6 23. Qd3 Rde8 24. Be4 Re5 25. Bxg6 hxg6 26. Kg2 Rfe8 27. Qf3 R8e7 28. b3 Re3 29. Qf4 Re2+ 30. Rf2 Qxf4 31. gxf4 R2e3 32. Rf3 R3e4 33. c4 Kf8 34. Kf2 Ke8 35. Kf1 Kd7 36. Kf2 Re8 37. Rdd3 Re2+ 38. Kg3 R8e7 39. f5 gxf5 40. Rxf5 Re1 41. Rdf3 f6 42. h4 Rg1+ 43. Kf2 Rh1 44. R5f4 Rhe1 45. Rg3 Kd6 46. Rfg4 R7e2+ 47. Kf3 Ke5 48. Rxg7 Re3+ 49. Kf2 R3e2+ 50. Kf3 Re3+ 1/2-1/2

[Event "Olympiad Women-45"]
[Site "Budapest"]
[Date "2024.09.12"]
[Round "2.45"]
[White "Wasif, Zenobia"]
[Black "Badenhorst, Chloe"]
[Result "0-1"]
[WhiteElo "1743"]
[BlackElo "1981"]
[PlyCount "76"]
[EventDate "2024.09.11"]
[EventType "team-swiss"]
[EventRounds "11"]
[EventCountry "HUN"]
[SourceTitle "EXT 2025"]
[Source "ChessBase"]
[SourceDate "2024.10.14"]
[SourceVersion "1"]
[SourceVersionDate "2024.10.14"]
[SourceQuality "1"]
[WhiteTeam "Pakistan (W)"]
[BlackTeam "South Africa (W)"]
[WhiteTeamCountry "PAK"]
[BlackTeamCountry "RSA"]

1. e4 c6 2. d4 d5 3. e5 c5 4. c3 Nc6 5. Nf3 cxd4 6. cxd4 Bg4 7. Be2 e6 8. Nc3 Nge7 9. 0-0 Nf5 10. Be3 Be7 11. h3 Bh5 12. g4 Nxe3 13. fxe3 Bg6 14. a3 h5 15. Bd3 Bg5 16. Bxg6 fxg6 17. Qd3 Rh6 18. Nb5 hxg4 19. Nd6+ Qxd6 20. exd6 gxf3 21. Rxf3 Bf6 22. b4 Kd7 23. b5 Na5 24. Qc3 Nc4 25. e4 Rc8 26. Qc1 Bxd4+ 27. Kh1 Ne5 28. Qg5 Kxd6 29. Rg3 Bxa1 30. exd5 exd5 31. Qf4 Ke6 32. Re3 Rhh8 33. Re1 Rxh3+ 34. Kg2 Rch8 35. Qc1 Rh2+ 36. Kg3 R8h3+ 37. Kf4 Rf2+ 38. Kg5 Rh5# 0-1

[Event "World Cup U14 Girls Prel"]
[Site "Tornelo INT"]
[Date "2021.08.11"]
[Round "3"]
[White "Badenhorst, Chloe"]
[Black "Kirdyashkina, Ekaterina"]
[Result "0-1"]
[WhiteElo "1439"]
[BlackElo "1844"]
[PlyCount "156"]
[EventDate "2021.08.11"]
[EventType "swiss (rapid)"]
[EventRounds "10"]
[EventCountry "NET"]
[SourceTitle "EXT 2025"]
[Source "ChessBase"]
[SourceDate "2024.10.14"]
[SourceVersion "1"]
[SourceVersionDate "2024.10.14"]
[SourceQuality "1"]

1. e4 e5 2. Nc3 Nf6 3. f4 d6 4. Nf3 Bg4 5. h3 Bxf3 6. Qxf3 Nc6 7. Bb5 a6 8. Bxc6+ bxc6 9. 0-0 Be7 10. d3 0-0 11. fxe5 dxe5 12. Kh1 Qd6 13. Be3 Rab8 14. Rab1 Rb7 15. a3 Rfb8 16. b4 Qe6 17. Qf5 Qxf5 18. Rxf5 Nd7 19. Rbf1 f6 20. Ne2 a5 21. c3 axb4 22. axb4 Ra8 23. R5f2 Ra2 24. Ng3 Ra3 25. Nf5 Bf8 26. Rc2 c5 27. Rfc1 g6 28. Nh6+ Kg7 29. Ng4 cxb4 30. Bh6+ Kf7 31. Bxf8 Nxf8 32. cxb4 Raa7 33. Rc6 Nd7 34. Rf1 Rb6 35. Rxb6 cxb6 36. Ne3 Ra3 37. Rd1 Rb3 38. Nd5 Ke6 39. Kg1 Nb8 40. Kf2 Nc6 41. Ke3 Nd4 42. Nxb6 Rxb4 43. Nc4 Nc2+ 44. Kd2 Nd4 45. Kc3 Rb3+ 46. Kd2 Rb4 47. Kc3 Ra4 48. Rb1 Ra2 49. Rb6+ Ke7 50. Rb7+ Kf8 51. Rb8+ Kg7 52. Rb7+ Kh6 53. Rb2 Ra1 54. Ne3 Re1 55. Ng4+ Kg5 56. Kd2 Re2+ 57. Kc3 Rxb2 58. Kxb2 h5 59. Ne3 Kh4 60. Kc3 Kg3 61. Kd2 Ne6 62. Ke2 Nf4+ 63. Kd2 Nxg2 64. Nd5 f5 65. exf5 gxf5 66. Ne7 Nh4 67. Ke3 Kxh3 68. Nd5 Ng6 69. Kf3 Nh4+ 70. Kf2 Kg4 71. Nf6+ Kg5 72. Nd5 Ng6 73. Ne3 h4 74. Kg2 Nf4+ 75. Kf2 Nxd3+ 76. Ke2 e4 77. Nd5 f4 78. Nc3 Kf5 0-1